000 00463nam a2200193Ia 4500
005 20240823031301.0
008 240823s9999||||xx |||||||||||||| ||und||
020 _a1-8599-6292-0
041 _aENGLISH
082 _A510 P7
100 _aAulay Mackenzie
245 0 _aMathematics & Statistics for life Scientists
250 _a1st
260 _c2007
_bTaylor & Fr
500 _aYES
650 _aMathematics
_bMathematics
942 _cBK
999 _c190703
_d190703